El contrato para persona por designar y la clùsula de reserva de nombrar

Detalles Bibliográficos
Autor principal: Luna Serrano, Agustin
Formato: eBook
Lenguaje:español
Publicado: Madrid : Dykinson, 2012
Materias:
Acceso en línea:Acceso restringido

MARC

LEADER 00000nam a22000007a 4500
005 2012032906326.0
007 cr|||| ||||
008 120329s2011 sp |||||s|||| 00| 0 spa d
020 |a 978-84-15454-96-0 
035 |a 6315 
040 |a vLex 
090 |c 3102  |d 3102 
100 1 |a Luna Serrano, Agustin 
245 1 3 |a El contrato para persona por designar y la clùsula de reserva de nombrar  |h [Recurso electrn̤ico] /  |c Agustin Luna Serrano 
256 |a Servicio en ln̕ea 
260 |a Madrid :  |b Dykinson,  |c 2012 
300 |a 1 recurso electrn̤ico 
506 1 |a Contenido solo disponible en los productos indicados  |d vLex Global  |d vLex Global (Academic Edition, excluding Law Schools)  |d vLex Global (U.S. Academic Edition, Law Schools)  |d vLex Global (U.S. Academic Edition, excluding Law Schools)  |d vLex Global (Academic Edition, Law Schools) 
650 0 4 |a Derecho laboral 
650 0 4 |a Personal  |x Seleccin̤ 
740 0 |a vLex Libros (Servicio en ln̕ea) 
856 4 0 |u http://vlex.com/source/contrato-persona-designar-clausula-reserva-nombrar-6315  |z Acceso restringido 
942 |c BOOK 
999 0 |a Labor laws and legislation 
999 0 |a Employee selection